| 000 | 00595nam a2200205 a 4500 | ||
|---|---|---|---|
| 005 | 20140311163009.0 | ||
| 008 | 050913s19uu xx 00 eng d | ||
| 020 | _a0-7668-2529-9 | ||
| 050 |
_aRT 48.6 _b.R62 2003 |
||
| 100 | _aRoe, Susan | ||
| 245 |
_aProcedures checklists to accompany : _bDelmar's clinical nursing skills & concepts / _cSusan Roe. |
||
| 260 |
_aAustralia : _bThomson Delmar Learning, _c2003. |
||
| 300 |
_a471 p. : _c28 cm. |
||
| 521 | _aNUR | ||
| 650 | _aNursing. | ||
| 650 | _aNursing process. | ||
| 650 | _aNursing care. | ||
| 942 |
_cBK _2lcc _kFOR |
||
| 999 |
_c39351 _d39351 |
||